Statistics for Geography Groups

Click here to take the quiz!

General Stats

  • This quiz has been taken 62 times
  • The average score is 28 of 40

Answer Stats

HintAnswer% Correct
Capitals Of South AfricaCape Town
98%
UK CountriesEngland
98%
Countries With Greek As An Official LanguageGreece
98%
UK CountriesNorthern Ireland
98%
UK CountriesScotland
98%
UK CountriesWales
98%
Countries With Greek As An Official LanguageCyprus
95%
Horn Of Africa CountriesEritrea
93%
Horn Of Africa CountriesEthiopia
93%
Horn Of Africa CountriesSomalia
93%
Capitals Of South AfricaPretoria
92%
Horn Of Africa CountriesDjibouti
90%
North American Great LakesLake Erie
88%
North American Great LakesLake Michigan
88%
North American Great LakesLake Superior
86%
US States With Cardinal DirectionsSouth Carolina
86%
North American Great LakesLake Ontario
85%
African Great LakesLake Victoria
85%
US States With Cardinal DirectionsNorth Carolina
85%
US States With Cardinal DirectionsNorth Dakota
85%
Countries Surrounded By ItalySan Marino
85%
Countries Surrounded By ItalyVatican City
85%
US States With Cardinal DirectionsWest Virginia
85%
US States With Cardinal DirectionsSouth Dakota
83%
Capitals Of South AfricaBloemfontein
80%
North American Great LakesLake Huron
75%
Doubly Landlocked CountriesLiechtenstein
63%
Doubly Landlocked CountriesUzbekistan
63%
Territories Of CanadaYukon
59%
Territories Of CanadaNunavut
58%
African Great LakesLake Malawi
56%
African Great LakesLake Tanganyika
47%
Territories Of CanadaNorthwest Territories
47%
African Great LakesLake Albert
31%
African Great LakesLake Turkana
20%
African Great LakesLake Edward
17%
African Great LakesLake Kivu
15%
Aztec Empire City-StatesTlacopan
3%
Aztec Empire City-StatesMexico-Tenochtitlan
2%
Aztec Empire City-StatesTetzcoco
2%

Score Distribution

Percentile by Number Answered

Percent of People with Each Score

Your Score History

You have not taken this quiz